Four Letter Geography - C - Statistics

General Stats
  • This quiz has been taken 117 times
  • The average score is 7 of 10
Answer Stats
Hint Answer % Correct
Country in Africa Chad
95%
Island in the Caribbean Cuba
92%
Urban place with lots of people City
90%
Is followed by 'Town' or 'Horn' Cape
88%
Known as maize in Mexico Corn
87%
City in Southern Ireland Cork
83%
Middle Eastern version tea Chai
60%
Third most populous city in Columbia Cali
46%
Hollow underground stone Cave
42%
Dairy food from Ancient Rome Curd
32%
No matching quizzes found
Score Distribution
Percent of People with Each Score
Percentile by Number Answered
Your Score History
You have not taken this quiz